Modelovanie a optimalizácia technológií spracovania vákuových zvyškov v prostredí rafinérie

Uložené v:
Podrobná bibliografia
Hlavný autor: Podolský, Slavomír (Autor)
Ďalší autori: Variny, Miroslav (Vedúci práce)
Médium: Rukopis Kniha
Jazyk:Slovak
Vydavateľské údaje: 2024
Predmet:
On-line prístup:http://is.stuba.sk/zp/portal_zp.pl?podrobnosti=176621
Tagy: Pridať tag
Žiadne tagy, Buďte prvý, kto otaguje tento záznam!

MARC

LEADER 00000ntm a22000003a 4500
001 stuzp99212
003 SK-STU
005 20240601210519.6
007 ta
008 150427s2015----xo-----f-mn---000-0-slo-d
040 |a STU  |b slo 
041 0 |a slo 
100 1 |a Podolský, Slavomír  |u 046230  |4 aut  |U FCHPT Ústav chemického a environmentálneho inžinierstva  |T FCHPT Oddelenie chemického a biochemického inžinierstva  |X 104305  |U C6230  |Y 119  |7 104305 
242 0 1 |a Modeling and Optimisation of Heavy Residues Processing Technologies in Refinery Environment  |y eng 
245 1 0 |a Modelovanie a optimalizácia technológií spracovania vákuových zvyškov v prostredí rafinérie 
260 |c 2024 
650 4 |a vákuové zvyšky  |2 slo 
650 4 |a delayed coking  |2 slo 
650 4 |a ropná rafinéria  |2 slo 
650 4 |a simulácia  |2 slo 
650 4 |a splyňovanie  |2 slo 
650 4 |a crude oil refinery  |2 eng 
650 4 |a delayed coking  |2 eng 
650 4 |a gasification  |2 eng 
650 4 |a simulation  |2 eng 
650 4 |a vacuum residues  |2 eng 
700 1 |a Variny, Miroslav  |u 046230  |k Z1  |4 ths  |U FCHPT Ústav chemického a environmentálneho inžinierstva  |T FCHPT Oddelenie chemického a biochemického inžinierstva  |X 25916  |U C6230  |Y 119  |7 A000025916 
856 4 |u http://is.stuba.sk/zp/portal_zp.pl?podrobnosti=176621